000 00608nam a22001937a 4500
999 _c144393
_d144393
005 20181031124914.0
010 _aB-710698
020 _a9788130931173
_c495.00
035 _aB-710698
037 _bViva
_adpl
100 _aManser, Martin H.
245 _aGuide to good writing /
_cby Martin H. Manser
260 _c2017
_aNew Delhi
_bViva Books
270 _a4737/23, Ansari Road, Darya Ganj,
_bNew Delhi
_e110002
300 _c23cm(pbk)
_ax,405p.
500 _aIncludes index
942 _cEN
_2ddc
_mMAN
_h488.0071